Statistics for US States ranked 25th in each category

Click here to take the quiz!

General Stats

  • This quiz has been taken 13 times
  • The average score is 8 of 10

Answer Stats

HintAnswer% Correct
By PopulationLouisiana
92%
By Population DensityLouisiana
92%
By Average IQMissouri
92%
By Alphabetical OrderMontana
92%
By Average SalaryNebraska
83%
By Corn ProductionVirginia
83%
By TouristsWashington
83%
By When They Became A StateArkansas
75%
By Average TemperatureNew Jersey
67%
By SizeWisconsin
67%

Score Distribution

Percentile by Number Answered

Percent of People with Each Score

Your Score History

You have not taken this quiz